Thermodynamic data for biomass materials and waste components /

Bibliographic Details
Corporate Author: American Society of Mechanical Engineers. Research Committee on Industrial and Municipal Wastes
Other Authors: Domalski, E. S., Jobe, T. L., Milne, T. A.
Format: Book
Language:English
Published: New York, N.Y. : American Society of Mechanical Engineers, [1987]
Subjects:

MARC

Tag First Indicator Second Indicator Subfields
LEADER 00000cam a2200000 a 4500
001 in00000017268
005 20151007053430.0
008 880328s1987 nyu b 00100 eng d
010 |z 78071787  
035 |a (OCoLC)17689742 
035 |9 AAB1628AM 
040 |a TXA  |c TXA  |d CLE  |d UtOrBLW 
049 |a TXAM  |c [A12607899] 
050 4 |a TD796  |b .T48 1987 
245 0 0 |a Thermodynamic data for biomass materials and waste components /  |c sponsored by the ASME Research Committee on Industrial and Municipal Wastes ; edited by E.S. Domalski, T.L. Jobe, Jr., T.A. Milne. 
264 1 |a New York, N.Y. :  |b American Society of Mechanical Engineers,  |c [1987] 
264 4 |c ©1987 
300 |a v, 376 pages ;  |c 27 cm. 
336 |a text  |b txt  |2 rdacontent 
337 |a unmediated  |b n  |2 rdamedia 
338 |a volume  |b nc  |2 rdacarrier 
504 |a Includes bibliographies and index. 
650 0 |a Refuse and refuse disposal. 
650 0 |a Waste products as fuel. 
700 1 |a Domalski, E. S. 
700 1 |a Jobe, T. L. 
700 1 |a Milne, T. A. 
710 2 |a American Society of Mechanical Engineers.  |b Research Committee on Industrial and Municipal Wastes. 
999 |a MARS 
999 f f |s e99d2ad5-5b8b-393e-9ade-a2bd1192a4fd  |i b92d82b9-a125-3daa-883f-64c8ba9e4b27  |t 0 
952 f f |p ric  |a Texas A&M University  |b Rellis Campus  |c Joint Library Facility  |d Remote Storage  |t 0  |e TD796 .T48 1987  |h Library of Congress classification  |i unmediated -- volume  |m A14812607899 
998 f f |a TD796 .T48 1987  |t 0  |l Remote Storage